Hóa học vô cơ

में बचाया:
ग्रंथसूची विवरण
मुख्य लेखक: Lê, Mậu Quyền
स्वरूप: पुस्तक
भाषा:Undetermined
प्रकाशित: Hà Nội Khoa học và Kỹ thuật 2004
विषय:
टैग : टैग जोड़ें
कोई टैग नहीं, इस रिकॉर्ड को टैग करने वाले पहले व्यक्ति बनें!
Thư viện lưu trữ: Trung tâm Học liệu Trường Đại học Cần Thơ
LEADER 00560nam a2200205Ia 4500
001 CTU_64494
008 210402s9999 xx 000 0 und d
020 |b 32000 
020 |c 32000 
082 |a 546 
082 |b Qu603 
100 |a Lê, Mậu Quyền 
245 0 |a Hóa học vô cơ 
245 0 |c Lê Mậu Quyền 
260 |a Hà Nội 
260 |b Khoa học và Kỹ thuật 
260 |c 2004 
650 |a Chemistry, inorganic 
904 |i Minh(Nguyên sửa) 
980 |a Trung tâm Học liệu Trường Đại học Cần Thơ